Größte deutsche Städte unter 100.000 Einwohnern - Statistiken

Allgemein
  • Dieses Quiz wurde 129 mal gespielt
  • Das Durchschnittsergebnis liegt bei 14 aus 26
Antwortstatistiken
Rang Bundesland Einwohnerzahl Stadt % Korrekt
2 Mecklenburg-Vorpommern 98.596 Schwerin
89%
1 Brandenburg 99.515 Cottbus
87%
7 Thüringen 93.634 Gera
81%
10 Schleswig-Holstein 92.550 Flensburg
79%
6 Hessen 94.146 Gießen
69%
14 Sachsen 87.172 Zwickau
66%
9 Baden-Württemberg 92.811 Tübingen
61%
4 Baden-Württemberg 94.941 Esslingen am Neckar
59%
17 Rheinland-Pfalz 84.646 Worms
58%
24 Schleswig-Holstein 79.502 Neumünster
55%
22 Bayern 79.935 Bamberg
54%
23 Sachsen-Anhalt 79.655 Dessau-Roßlau
53%
5 Baden-Württemberg 94.157 Ludwigsburg
52%
16 Baden-Württemberg 85.859 Konstanz
50%
12 Baden-Württemberg 88.213 Villingen-Schwenningen
47%
3 Nordrhein-Westfalen 97.687 Witten
46%
8 Nordrhein-Westfalen 93.207 Düren
45%
11 Nordrhein-Westfalen 92.540 Iserlohn
45%
21 Schleswig-Holstein 81.880 Norderstedt
44%
18 Nordrhein-Westfalen 84.331 Marl
41%
25 Niedersachsen 78.385 Delmenhorst
39%
13 Nordrhein-Westfalen 87.388 Ratingen
35%
15 Nordrhein-Westfalen 86.868 Lünen
33%
19 Nordrhein-Westfalen 83.076 Minden
33%
20 Nordrhein-Westfalen 82.445 Velbert
28%
26 Nordrhein-Westfalen 78.208 Viersen
26%
Keine übereinstimmenden Quizze gefunden
Verteilung der Resultate
Anzahl Personen mit jedem Resultat
Perzentil nach korrekt beantworteten Fragen
Ihre Resultats-Entwicklung
Sie haben dieses Quiz noch nicht gespielt